Materiales curriculares para favorecer el acceso a la lectura en educación infantil /

Obra sobre la enseñanza de la lectura y la escritura en la escuela, a partir del supuesto de que para dominar el instrumento del lenguaje en su forma escrita, es necesario el dominio del lenguaje en su manifestación natural, es decir, el lenguaje oral.

Gespeichert in:
Bibliographische Detailangaben
Format: Buch
Sprache:Spanisch
Veröffentlicht: Madrid, España : Escuela Española, 1997, c1997
Schriftenreihe:(Educación al Día. Didáctica y Pedagogía)
Schlagworte:
Tags: Tag hinzufügen
Keine Tags, Fügen Sie das erste Tag hinzu!

MARC

LEADER 00000nam^a2200000^a^4500
001 000092120
005 20250521000000.0
009 20260526121533.682
020 |a 84-331-0511-6 
037 |a Acervo ITESO - Biblioteca 
041 |a ESP 
082 |a 372. 21  |b MAT 
245 1 0 |a Materiales curriculares para favorecer el acceso a la lectura en educación infantil /  |c Andrés Calero Guisado... [et al.] ; pról. de Antonio González Soler. 
264 4 |a Madrid, España :  |b Escuela Española,  |c 1997, c1997 
300 |a 144, 45 p. 
336 |a texto  |b txt  |2 rdacontenido 
337 |a sin mediación  |b n  |2 rdamedio 
338 |a volumen  |b nc  |2 rdasoporte 
440 1 |a (Educación al Día.  |p Didáctica y Pedagogía) 
520 |a Obra sobre la enseñanza de la lectura y la escritura en la escuela, a partir del supuesto de que para dominar el instrumento del lenguaje en su forma escrita, es necesario el dominio del lenguaje en su manifestación natural, es decir, el lenguaje oral. 
649 |a XX 
650 |a Lectoescritura -  |x Estudio y Enseñanza 
650 |a Proceso Educativo 
650 |a Educación Preescolar 
910 |a Fondo General 
920 |a Impresos - Libros 
930 |a Colección General 
905 |a 101 
901 |a 0500026419  |b IT1  |c ACC  |u 20250521 
902 |a https://opac.biblio.iteso.mx/vufind/Record/000092120